[Event "Deutsche Ländermeisterschaft 2023"]
[Site "Hannover GER"]
[Date "2023.10.01"]
[Round "1"]
[White "Gallasch, Jonas"]
[Black "Lohr, Maximilian"]
[Result "1-0"]
[Termination "normal"]
[Board "1.2"]
[WhiteTitle "FM"]
[WhiteElo "2269"]
[BlackElo "2063"]
[WhiteClock "00:00:47"]
[BlackClock "00:06:48"]
[WhiteTeam "Nordrhein-Westfalen"]
[BlackTeam "Bayern"]
[PlyCount "67"]
[WhiteFideId "16222474"]
[BlackFideId "12999717"]
[EventCountry "GER"]
[EventRounds "7"]
[EventType "team-swiss"]
[EventDate "2023.09.30"]

1. Nf3 {[%clk 01:30:57]} {[%emt 00:00:02]} Nf6 {[%clk 01:30:26]} {[%emt
00:00:35]} 2. c4 {[%clk 01:31:23]} {[%emt 00:00:04]} g6 {[%clk 01:28:39]}
{[%emt 00:02:16]} 3. g3 {[%clk 01:31:29]} {[%emt 00:00:24]} Bg7 {[%clk
01:28:46]} {[%emt 00:00:23]} 4. Bg2 {[%clk 01:31:56]} {[%emt 00:00:04]} O-O
{[%clk 01:28:43]} {[%emt 00:00:32]} 5. O-O {[%clk 01:32:21]} {[%emt 00:00:05]}
d6 {[%clk 01:28:55]} {[%emt 00:00:18]} 6. d4 {[%clk 01:32:46]} {[%emt
00:00:06]} c5 {[%clk 01:29:08]} {[%emt 00:00:17]} 7. dxc5 {[%clk 01:33:09]}
{[%emt 00:00:07]} dxc5 {[%clk 01:29:31]} {[%emt 00:00:06]} 8. Ne5 {[%clk
01:33:36]} {[%emt 00:00:03]} Qd4 {[%clk 01:29:07]} {[%emt 00:00:53]} 9. Nd3
{[%clk 01:20:59]} {[%emt 00:13:08]} Qxc4 {[%clk 01:28:47]} {[%emt 00:00:50]}
10. Na3 {[%clk 01:20:27]} {[%emt 00:01:01]} Qg4 {[%clk 01:28:52]} {[%emt
00:00:24]} 11. Nxc5 {[%clk 01:05:15]} {[%emt 00:15:43]} Nc6 {[%clk 01:27:13]}
{[%emt 00:02:08]} 12. Bf3 {[%clk 00:55:02]} {[%emt 00:10:43]} Qh3 {[%clk
01:25:38]} {[%emt 00:02:06]} 13. Bg2 {[%clk 00:48:41]} {[%emt 00:06:51]} Qh5
{[%clk 01:25:13]} {[%emt 00:00:53]} 14. Nd3 {[%clk 00:47:12]} {[%emt 00:02:00]}
Rd8 {[%clk 01:19:30]} {[%emt 00:06:13]} 15. Qe1 {[%clk 00:43:54]} {[%emt
00:03:48]} Rxd3 {[%clk 01:07:12]} {[%emt 00:12:48]} 16. exd3 {[%clk 00:44:02]}
{[%emt 00:00:22]} Bh3 {[%clk 01:01:13]} {[%emt 00:06:29]} 17. f3 {[%clk
00:36:03]} {[%emt 00:08:30]} Nd5 {[%clk 00:50:16]} {[%emt 00:11:27]} 18. g4
{[%clk 00:32:55]} {[%emt 00:03:38]} Bd4+ {[%clk 00:48:40]} {[%emt 00:02:05]}
19. Kh1 {[%clk 00:33:12]} {[%emt 00:00:14]} Bxg2+ {[%clk 00:48:08]} {[%emt
00:01:01]} 20. Kxg2 {[%clk 00:33:38]} {[%emt 00:00:04]} Qe5 {[%clk 00:48:16]}
{[%emt 00:00:22]} 21. Qxe5 {[%clk 00:34:03]} {[%emt 00:00:05]} Bxe5 {[%clk
00:44:55]} {[%emt 00:03:51]} 22. f4 {[%clk 00:25:33]} {[%emt 00:09:00]} Bg7
{[%clk 00:42:59]} {[%emt 00:02:26]} 23. Rb1 {[%clk 00:10:06]} Ncb4 {[%clk
00:40:32]} {[%emt 00:18:55]} 24. Rd1 {[%clk 00:08:30]} Nxa2 {[%clk 00:38:08]}
{[%emt 00:05:00]} 25. Bd2 {[%clk 00:08:50]} Rd8 {[%clk 00:33:26]} {[%emt
00:05:21]} 26. Kf3 {[%clk 00:05:16]} Nab4 {[%clk 00:19:56]} {[%emt 00:18:04]}
27. Bxb4 {[%clk 00:02:59]} Nxb4 {[%clk 00:20:21]} {[%emt 00:02:53]} 28. d4
{[%clk 00:03:14]} {[%emt 00:00:14]} Nc6 {[%clk 00:15:42]} {[%emt 00:05:09]} 29.
Nc2 {[%clk 00:03:11]} {[%emt 00:00:33]} Rd5 {[%clk 00:14:37]} {[%emt 00:01:36]}
30. b4 {[%clk 00:02:24]} {[%emt 00:01:17]} a6 {[%clk 00:13:48]} {[%emt
00:01:19]} 31. Rd3 {[%clk 00:01:06]} {[%emt 00:01:47]} h5 {[%clk 00:08:41]}
{[%emt 00:05:37]} 32. h3 {[%clk 00:01:28]} {[%emt 00:00:08]} hxg4+ {[%clk
00:08:54]} {[%emt 00:00:18]} 33. hxg4 {[%clk 00:01:52]} {[%emt 00:00:06]} Nxd4+
{[%clk 00:06:48]} {[%emt 00:02:35]} 34. Ke4 {[%clk 00:00:47]} {[%emt 00:01:36]}
1-0

[Event "Deutsche Ländermeisterschaft 2023"]
[Site "Hannover GER"]
[Date "2023.10.01"]
[Round "1"]
[White "Bardorz, Jana"]
[Black "Spriestersbach, Kai"]
[Result "0-1"]
[Termination "normal"]
[Board "1.3"]
[WhiteElo "2073"]
[BlackElo "2158"]
[WhiteClock "00:10:51"]
[BlackClock "00:14:55"]
[WhiteTeam "Bayern"]
[BlackTeam "Nordrhein-Westfalen"]
[PlyCount "96"]
[WhiteFideId "16208897"]
[BlackFideId "16269985"]
[EventCountry "GER"]
[EventRounds "7"]
[EventType "team-swiss"]
[EventDate "2023.09.30"]

1. e4 {[%clk 01:30:56]} {[%emt 00:00:03]} c5 {[%clk 01:30:52]} {[%emt
00:00:07]} 2. Nf3 {[%clk 01:31:20]} {[%emt 00:00:07]} a6 {[%clk 01:31:07]}
{[%emt 00:00:15]} 3. c3 {[%clk 01:31:42]} {[%emt 00:00:08]} d5 {[%clk
01:31:31]} {[%emt 00:00:06]} 4. exd5 {[%clk 01:32:02]} {[%emt 00:00:10]} Qxd5
{[%clk 01:31:52]} {[%emt 00:00:08]} 5. d4 {[%clk 01:32:11]} {[%emt 00:00:22]}
Nf6 {[%clk 01:31:55]} {[%emt 00:00:26]} 6. Be2 {[%clk 01:30:43]} {[%emt
00:02:00]} cxd4 {[%clk 01:31:42]} {[%emt 00:00:43]} 7. cxd4 {[%clk 01:31:03]}
{[%emt 00:00:10]} e6 {[%clk 01:31:41]} {[%emt 00:00:31]} 8. Nc3 {[%clk
01:30:55]} {[%emt 00:00:39]} Qd6 {[%clk 01:32:03]} {[%emt 00:00:07]} 9. O-O
{[%clk 01:29:55]} {[%emt 00:01:30]} Nc6 {[%clk 01:31:41]} {[%emt 00:00:51]} 10.
Bg5 {[%clk 01:22:57]} {[%emt 00:07:29]} Be7 {[%clk 01:30:01]} {[%emt 00:02:10]}
11. Qd2 {[%clk 01:21:18]} {[%emt 00:02:09]} O-O {[%clk 01:27:34]} {[%emt
00:02:56]} 12. Rfd1 {[%clk 01:17:37]} {[%emt 00:04:12]} Rd8 {[%clk 01:07:10]}
{[%emt 00:20:54]} 13. Bf4 {[%clk 01:09:05]} {[%emt 00:09:03]} Qd7 {[%clk
00:58:20]} {[%emt 00:09:20]} 14. Rac1 {[%clk 00:57:50]} {[%emt 00:11:45]} b6
{[%clk 00:49:08]} {[%emt 00:09:41]} 15. Qc2 {[%clk 00:47:22]} {[%emt 00:10:58]}
Nb4 {[%clk 00:42:23]} {[%emt 00:07:15]} 16. Qb3 {[%clk 00:45:41]} {[%emt
00:02:11]} Nbd5 {[%clk 00:39:24]} {[%emt 00:03:29]} 17. Ne5 {[%clk 00:43:54]}
{[%emt 00:02:18]} Qe8 {[%clk 00:36:01]} {[%emt 00:03:52]} 18. Bf3 {[%clk
00:40:53]} {[%emt 00:03:32]} Bb7 {[%clk 00:33:29]} {[%emt 00:03:01]} 19. Bg3
{[%clk 00:38:21]} {[%emt 00:03:02]} b5 {[%clk 00:24:57]} {[%emt 00:09:02]} 20.
a4 {[%clk 00:28:20]} {[%emt 00:10:31]} Nxc3 {[%clk 00:22:34]} {[%emt 00:02:54]}
21. Rxc3 {[%clk 00:24:04]} {[%emt 00:04:46]} Bxf3 {[%clk 00:21:50]} {[%emt
00:01:13]} 22. Nxf3 {[%clk 00:21:39]} {[%emt 00:02:56]} Nd5 {[%clk 00:20:43]}
{[%emt 00:01:36]} 23. Rcc1 {[%clk 00:19:34]} {[%emt 00:02:35]} bxa4 {[%clk
00:21:00]} {[%emt 00:00:13]} 24. Qa2 {[%clk 00:11:47]} {[%emt 00:08:18]} Qb5
{[%clk 00:18:36]} {[%emt 00:02:53]} 25. Ra1 {[%clk 00:10:08]} {[%emt 00:02:10]}
a3 {[%clk 00:18:03]} {[%emt 00:01:03]} 26. Rd2 {[%clk 00:08:46]} {[%emt
00:01:52]} axb2 {[%clk 00:16:13]} {[%emt 00:02:20]} 27. Rxb2 {[%clk 00:08:22]}
{[%emt 00:00:55]} Bb4 {[%clk 00:15:58]} {[%emt 00:00:44]} 28. Qb1 {[%clk
00:07:18]} {[%emt 00:01:34]} a5 {[%clk 00:14:09]} {[%emt 00:02:19]} 29. Ng5
{[%clk 00:05:58]} {[%emt 00:01:50]} g6 {[%clk 00:13:09]} {[%emt 00:01:30]} 30.
Ne4 {[%clk 00:03:42]} {[%emt 00:02:46]} Qc4 {[%clk 00:07:10]} {[%emt 00:06:29]}
31. Be5 {[%clk 00:02:54]} {[%emt 00:01:18]} Bc3 {[%clk 00:05:29]} {[%emt
00:02:11]} 32. Rc2 {[%clk 00:01:44]} {[%emt 00:01:40]} Qb4 {[%clk 00:05:09]}
{[%emt 00:00:50]} 33. Nxc3 {[%clk 00:01:44]} {[%emt 00:00:30]} Nxc3 {[%clk
00:05:33]} {[%emt 00:00:06]} 34. Qc1 {[%clk 00:01:51]} {[%emt 00:00:23]} Nd5
{[%clk 00:05:00]} {[%emt 00:01:03]} 35. Rc5 {[%clk 00:01:42]} {[%emt 00:00:39]}
f6 {[%clk 00:03:20]} {[%emt 00:02:11]} 36. Rc4 {[%clk 00:01:59]} {[%emt
00:00:13]} Qb7 {[%clk 00:03:03]} {[%emt 00:00:46]} 37. Bc7 {[%clk 00:01:34]}
{[%emt 00:00:55]} Nxc7 {[%clk 00:01:31]} {[%emt 00:02:03]} 38. Rxc7 {[%clk
00:01:59]} {[%emt 00:00:06]} Qd5 {[%clk 00:01:57]} {[%emt 00:00:03]} 39. Qh6
{[%clk 00:01:26]} {[%emt 00:01:03]} Rd7 {[%clk 00:02:22]} {[%emt 00:00:05]} 40.
Rxd7 {[%clk 00:01:12]} {[%emt 00:00:44]} Qxd7 {[%clk 00:02:51]} {[%emt
00:00:01]} 41. Qf4 {[%clk 00:29:23]} {[%emt 00:02:19]} Kg7 {[%clk 00:30:54]}
{[%emt 00:02:28]} 42. h4 {[%clk 00:27:37]} {[%emt 00:02:16]} a4 {[%clk
00:29:40]} {[%emt 00:01:43]} 43. Rc1 {[%clk 00:24:04]} {[%emt 00:04:03]} Rc8
{[%clk 00:25:08]} {[%emt 00:05:01]} 44. Rxc8 {[%clk 00:19:58]} {[%emt
00:04:37]} Qxc8 {[%clk 00:25:28]} {[%emt 00:00:11]} 45. Qd6 {[%clk 00:13:39]}
{[%emt 00:06:48]} Qe8 {[%clk 00:13:55]} {[%emt 00:12:02]} 46. d5 {[%clk
00:10:10]} {[%emt 00:04:00]} exd5 {[%clk 00:14:13]} {[%emt 00:00:11]} 47. Qxd5
{[%clk 00:10:24]} {[%emt 00:00:16]} Qe1+ {[%clk 00:14:32]} {[%emt 00:00:10]}
48. Kh2 {[%clk 00:10:51]} {[%emt 00:00:05]} Qe5+ {[%clk 00:14:55]} {[%emt
00:00:06]} 0-1

[Event "Deutsche Ländermeisterschaft 2023"]
[Site "Hannover GER"]
[Date "2023.10.01"]
[Round "1"]
[White "Möller, Maurin"]
[Black "Stichter, Constantin Paul"]
[Result "1-0"]
[Termination "normal"]
[Board "1.4"]
[WhiteElo "2132"]
[BlackElo "1945"]
[WhiteClock "00:11:47"]
[BlackClock "00:01:00"]
[WhiteTeam "Nordrhein-Westfalen"]
[BlackTeam "Bayern"]
[PlyCount "61"]
[WhiteFideId "16265696"]
[BlackFideId "34603140"]
[EventCountry "GER"]
[EventRounds "7"]
[EventType "team-swiss"]
[EventDate "2023.09.30"]

1. e4 {[%clk 01:30:55]} {[%emt 00:00:04]} e6 {[%clk 01:30:56]} {[%emt
00:00:05]} 2. d4 {[%clk 01:31:18]} {[%emt 00:00:07]} d5 {[%clk 01:31:23]}
{[%emt 00:00:03]} 3. Nd2 {[%clk 01:31:38]} {[%emt 00:00:10]} Nf6 {[%clk
01:31:48]} {[%emt 00:00:05]} 4. e5 {[%clk 01:32:02]} {[%emt 00:00:05]} Nfd7
{[%clk 01:32:15]} {[%emt 00:00:04]} 5. Bd3 {[%clk 01:32:25]} {[%emt 00:00:07]}
c5 {[%clk 01:32:40]} {[%emt 00:00:05]} 6. c3 {[%clk 01:32:50]} {[%emt
00:00:05]} Nc6 {[%clk 01:33:08]} {[%emt 00:00:03]} 7. Ne2 {[%clk 01:33:05]}
{[%emt 00:00:14]} cxd4 {[%clk 01:33:34]} {[%emt 00:00:05]} 8. cxd4 {[%clk
01:33:30]} {[%emt 00:00:04]} f6 {[%clk 01:34:00]} {[%emt 00:00:04]} 9. Nf4
{[%clk 01:33:28]} {[%emt 00:00:32]} Nxd4 {[%clk 01:34:24]} {[%emt 00:00:06]}
10. Qh5+ {[%clk 01:33:46]} {[%emt 00:00:12]} Ke7 {[%clk 01:34:43]} {[%emt
00:00:11]} 11. exf6+ {[%clk 01:34:10]} {[%emt 00:00:06]} Nxf6 {[%clk 01:35:04]}
{[%emt 00:00:08]} 12. Ng6+ {[%clk 01:34:33]} {[%emt 00:00:06]} hxg6 {[%clk
01:35:27]} {[%emt 00:00:08]} 13. Qxh8 {[%clk 01:34:58]} {[%emt 00:00:05]} Kf7
{[%clk 01:35:33]} {[%emt 00:00:24]} 14. O-O {[%clk 01:35:21]} {[%emt 00:00:07]}
e5 {[%clk 01:32:41]} {[%emt 00:03:23]} 15. Nb3 {[%clk 01:35:22]} {[%emt
00:00:28]} Nxb3 {[%clk 01:02:41]} {[%emt 00:30:30]} 16. axb3 {[%clk 01:35:45]}
{[%emt 00:00:08]} e4 {[%clk 00:51:02]} {[%emt 00:12:09]} 17. Be2 {[%clk
01:35:26]} {[%emt 00:00:48]} Qc7 {[%clk 00:46:39]} {[%emt 00:04:53]} 18. Bg5
{[%clk 00:59:20]} {[%emt 00:36:34]} Qe5 {[%clk 00:45:06]} {[%emt 00:02:07]} 19.
Bxf6 {[%clk 00:56:03]} {[%emt 00:03:45]} gxf6 {[%clk 00:43:10]} {[%emt
00:02:25]} 20. Rac1 {[%clk 00:52:05]} {[%emt 00:04:28]} Bd7 {[%clk 00:39:10]}
{[%emt 00:04:31]} 21. Rfd1 {[%clk 00:46:57]} {[%emt 00:05:38]} Bc6 {[%clk
00:39:02]} {[%emt 00:00:38]} 22. Rc3 {[%clk 00:43:10]} {[%emt 00:04:15]} Re8
{[%clk 00:32:07]} {[%emt 00:07:26]} 23. Qh7+ {[%clk 00:37:35]} {[%emt
00:06:05]} Bg7 {[%clk 00:28:25]} {[%emt 00:04:12]} 24. Rg3 {[%clk 00:37:56]}
{[%emt 00:00:09]} Kf8 {[%clk 00:14:09]} {[%emt 00:14:46]} 25. Qxg6 {[%clk
00:26:19]} {[%emt 00:12:07]} Re7 {[%clk 00:13:48]} {[%emt 00:00:51]} 26. h4
{[%clk 00:24:59]} {[%emt 00:01:50]} Bd7 {[%clk 00:08:30]} {[%emt 00:05:49]} 27.
Bg4 {[%clk 00:21:27]} {[%emt 00:04:01]} f5 {[%clk 00:07:31]} {[%emt 00:01:29]}
28. Bh3 {[%clk 00:21:18]} {[%emt 00:00:38]} Be6 {[%clk 00:02:29]} {[%emt
00:05:32]} 29. h5 {[%clk 00:12:58]} {[%emt 00:08:51]} d4 {[%clk 00:01:10]}
{[%emt 00:01:49]} 30. h6 {[%clk 00:12:50]} {[%emt 00:00:38]} Bh8 {[%clk
00:01:00]} {[%emt 00:00:40]} 31. Rc1 {[%clk 00:11:47]} {[%emt 00:01:33]} 1-0

[Event "Deutsche Ländermeisterschaft 2023"]
[Site "Hannover GER"]
[Date "2023.10.01"]
[Round "1"]
[White "Heinisch, Niklas"]
[Black "Klaska, Philipp Leon"]
[Result "1/2-1/2"]
[Termination "normal"]
[Board "1.5"]
[WhiteElo "1919"]
[BlackElo "2065"]
[WhiteClock "00:02:14"]
[BlackClock "00:01:41"]
[WhiteTeam "Bayern"]
[BlackTeam "Nordrhein-Westfalen"]
[PlyCount "78"]
[WhiteFideId "16295080"]
[BlackFideId "16238044"]
[EventCountry "GER"]
[EventRounds "7"]
[EventType "team-swiss"]
[EventDate "2023.09.30"]

1. c4 {[%clk 01:30:56]} {[%emt 00:00:03]} e6 {[%clk 01:30:33]} {[%emt
00:00:26]} 2. Nc3 {[%clk 01:30:03]} {[%emt 00:01:25]} f5 {[%clk 01:29:22]}
{[%emt 00:01:41]} 3. g3 {[%clk 01:29:08]} {[%emt 00:01:25]} Nf6 {[%clk
01:29:43]} {[%emt 00:00:09]} 4. Bg2 {[%clk 01:29:13]} {[%emt 00:00:25]} Bb4
{[%clk 01:27:31]} {[%emt 00:02:41]} 5. Nf3 {[%clk 01:11:32]} {[%emt 00:18:12]}
O-O {[%clk 01:25:35]} {[%emt 00:02:25]} 6. O-O {[%clk 01:10:43]} {[%emt
00:01:20]} Qe7 {[%clk 01:19:54]} {[%emt 00:06:10]} 7. d4 {[%clk 01:06:00]}
{[%emt 00:05:14]} Bxc3 {[%clk 01:18:36]} {[%emt 00:01:48]} 8. bxc3 {[%clk
01:06:28]} {[%emt 00:00:03]} d6 {[%clk 01:18:03]} {[%emt 00:01:02]} 9. Qb3
{[%clk 00:47:49]} {[%emt 00:19:09]} Nbd7 {[%clk 01:11:37]} {[%emt 00:06:56]}
10. Rb1 {[%clk 00:36:06]} {[%emt 00:12:13]} Kh8 {[%clk 00:58:27]} {[%emt
00:13:39]} 11. Ne1 {[%clk 00:34:54]} {[%emt 00:01:43]} Rb8 {[%clk 00:53:07]}
{[%emt 00:05:49]} 12. Nd3 {[%clk 00:33:49]} {[%emt 00:01:36]} c5 {[%clk
00:44:42]} {[%emt 00:08:53]} 13. Qa3 {[%clk 00:27:00]} {[%emt 00:07:20]} a6
{[%clk 00:37:22]} {[%emt 00:07:49]} 14. dxc5 {[%clk 00:20:15]} {[%emt
00:07:15]} Nxc5 {[%clk 00:34:53]} {[%emt 00:02:59]} 15. Bf4 {[%clk 00:13:44]}
{[%emt 00:07:02]} Nfd7 {[%clk 00:26:26]} {[%emt 00:08:56]} 16. Nxc5 {[%clk
00:09:22]} {[%emt 00:04:53]} Nxc5 {[%clk 00:26:41]} {[%emt 00:00:15]} 17. Rfd1
{[%clk 00:09:16]} {[%emt 00:00:36]} e5 {[%clk 00:23:22]} {[%emt 00:03:48]} 18.
Be3 {[%clk 00:09:45]} {[%emt 00:00:01]} b6 {[%clk 00:19:13]} {[%emt 00:04:38]}
19. Bxc5 {[%clk 00:08:34]} {[%emt 00:01:42]} dxc5 {[%clk 00:19:12]} {[%emt
00:00:31]} 20. Rd2 {[%clk 00:08:35]} {[%emt 00:00:29]} e4 {[%clk 00:15:16]}
{[%emt 00:04:26]} 21. Rbd1 {[%clk 00:08:18]} {[%emt 00:00:48]} a5 {[%clk
00:12:41]} {[%emt 00:03:04]} 22. Qb2 {[%clk 00:06:49]} {[%emt 00:01:59]} Be6
{[%clk 00:12:26]} {[%emt 00:00:44]} 23. Bh3 {[%clk 00:04:54]} {[%emt 00:02:27]}
f4 {[%clk 00:08:52]} {[%emt 00:04:03]} 24. Bxe6 {[%clk 00:04:10]} {[%emt
00:01:14]} Qxe6 {[%clk 00:09:11]} {[%emt 00:00:10]} 25. Rd6 {[%clk 00:03:17]}
{[%emt 00:01:24]} Qh3 {[%clk 00:08:42]} {[%emt 00:00:58]} 26. gxf4 {[%clk
00:03:35]} {[%emt 00:00:13]} Qg4+ {[%clk 00:08:17]} {[%emt 00:00:55]} 27. Kh1
{[%clk 00:03:03]} {[%emt 00:01:03]} Qxf4 {[%clk 00:07:55]} {[%emt 00:00:51]}
28. e3 {[%clk 00:02:13]} {[%emt 00:01:20]} Qf3+ {[%clk 00:07:42]} {[%emt
00:00:42]} 29. Kg1 {[%clk 00:02:40]} {[%emt 00:00:03]} Rbe8 {[%clk 00:06:39]}
{[%emt 00:01:33]} 30. R1d2 {[%clk 00:02:12]} {[%emt 00:00:59]} Re5 {[%clk
00:04:14]} {[%emt 00:02:52]} 31. R2d5 {[%clk 00:01:46]} {[%emt 00:00:58]} Qg4+
{[%clk 00:03:58]} {[%emt 00:00:46]} 32. Kf1 {[%clk 00:01:25]} {[%emt 00:00:49]}
Qh3+ {[%clk 00:03:33]} {[%emt 00:00:56]} 33. Kg1 {[%clk 00:01:04]} {[%emt
00:00:51]} Ref5 {[%clk 00:01:19]} {[%emt 00:02:43]} 34. Rxf5 {[%clk 00:01:04]}
{[%emt 00:00:31]} Qxf5 {[%clk 00:01:36]} {[%emt 00:00:12]} 35. Qd2 {[%clk
00:00:52]} {[%emt 00:00:42]} Qg4+ {[%clk 00:01:40]} {[%emt 00:00:26]} 36. Kf1
{[%clk 00:01:07]} {[%emt 00:00:16]} Qh3+ {[%clk 00:01:42]} {[%emt 00:00:28]}
37. Kg1 {[%clk 00:01:28]} {[%emt 00:00:09]} Qg4+ {[%clk 00:01:32]} {[%emt
00:00:40]} 38. Kf1 {[%clk 00:01:52]} {[%emt 00:00:07]} Qh3+ {[%clk 00:01:41]}
{[%emt 00:00:20]} 39. Kg1 {[%clk 00:02:14]} {[%emt 00:00:08]} Qg4+ {[%emt
00:01:27]} 1/2-1/2

[Event "Deutsche Ländermeisterschaft 2023"]
[Site "Hannover GER"]
[Date "2023.10.01"]
[Round "1"]
[White "Sereda, Yaroslava"]
[Black "Wunderlich, Elias"]
[Result "1/2-1/2"]
[Termination "normal"]
[Board "1.6"]
[WhiteElo "1956"]
[BlackElo "2008"]
[WhiteClock "00:03:26"]
[BlackClock "00:17:05"]
[WhiteTeam "Nordrhein-Westfalen"]
[BlackTeam "Bayern"]
[PlyCount "68"]
[WhiteFideId "14178940"]
[BlackFideId "34608087"]
[EventCountry "GER"]
[EventRounds "7"]
[EventType "team-swiss"]
[EventDate "2023.09.30"]

1. e4 {[%clk 01:30:58]} {[%emt 00:00:02]} e6 {[%clk 01:30:55]} {[%emt
00:00:06]} 2. d4 {[%clk 01:31:19]} {[%emt 00:00:09]} d5 {[%clk 01:31:19]}
{[%emt 00:00:05]} 3. Nc3 {[%clk 01:31:36]} {[%emt 00:00:13]} Bb4 {[%clk
01:31:43]} {[%emt 00:00:07]} 4. exd5 {[%clk 01:31:51]} {[%emt 00:00:14]} exd5
{[%clk 01:32:06]} {[%emt 00:00:07]} 5. Bd3 {[%clk 01:32:08]} {[%emt 00:00:13]}
Nf6 {[%clk 01:31:36]} {[%emt 00:01:00]} 6. a3 {[%clk 01:31:25]} {[%emt
00:01:13]} Bxc3+ {[%clk 01:31:26]} {[%emt 00:00:39]} 7. bxc3 {[%clk 01:31:48]}
{[%emt 00:00:08]} O-O {[%clk 01:31:49]} {[%emt 00:00:08]} 8. Ne2 {[%clk
01:31:18]} {[%emt 00:01:00]} Bg4 {[%clk 01:32:06]} {[%emt 00:00:12]} 9. f3
{[%clk 01:30:31]} {[%emt 00:01:17]} Bh5 {[%clk 01:32:31]} {[%emt 00:00:05]} 10.
g4 {[%clk 01:25:30]} {[%emt 00:05:31]} Bg6 {[%clk 01:32:59]} {[%emt 00:00:02]}
11. h4 {[%clk 01:24:34]} {[%emt 00:01:26]} h5 {[%clk 01:32:59]} {[%emt
00:00:31]} 12. g5 {[%clk 01:23:59]} {[%emt 00:01:05]} Ne8 {[%clk 01:33:15]}
{[%emt 00:00:14]} 13. Kf2 {[%clk 01:23:15]} {[%emt 00:01:15]} Nc6 {[%clk
01:32:13]} {[%emt 00:01:31]} 14. a4 {[%clk 01:08:22]} {[%emt 00:15:23]} Nd6
{[%clk 01:29:47]} {[%emt 00:02:57]} 15. Nf4 {[%clk 01:04:29]} {[%emt 00:04:23]}
Ne7 {[%clk 01:29:33]} {[%emt 00:00:43]} 16. Ba3 {[%clk 00:48:59]} {[%emt
00:16:00]} Qd7 {[%clk 01:27:37]} {[%emt 00:02:26]} 17. Qd2 {[%clk 00:43:03]}
{[%emt 00:06:26]} Rfe8 {[%clk 01:07:25]} {[%emt 00:20:42]} 18. Bxg6 {[%clk
00:37:28]} {[%emt 00:06:05]} fxg6 {[%clk 01:07:45]} {[%emt 00:00:10]} 19. Bxd6
{[%clk 00:29:00]} {[%emt 00:08:58]} Qxd6 {[%clk 01:08:03]} {[%emt 00:00:11]}
20. Nd3 {[%clk 00:29:01]} {[%emt 00:00:30]} Rf8 {[%clk 01:03:20]} {[%emt
00:05:13]} 21. Rae1 {[%clk 00:26:53]} {[%emt 00:02:38]} Rf5 {[%clk 00:59:43]}
{[%emt 00:04:07]} 22. Qe2 {[%clk 00:14:54]} {[%emt 00:12:29]} Raf8 {[%clk
00:58:21]} {[%emt 00:01:52]} 23. Rh3 {[%clk 00:13:38]} {[%emt 00:01:45]} Nc6
{[%clk 00:54:57]} {[%emt 00:03:55]} 24. Qe6+ {[%clk 00:13:21]} {[%emt
00:00:47]} Qxe6 {[%clk 00:53:12]} {[%emt 00:02:15]} 25. Rxe6 {[%clk 00:13:48]}
{[%emt 00:00:02]} Kf7 {[%clk 00:53:33]} {[%emt 00:00:09]} 26. Re3 {[%clk
00:12:58]} {[%emt 00:01:20]} Re8 {[%clk 00:32:47]} {[%emt 00:21:16]} 27. Rh1
{[%clk 00:10:50]} {[%emt 00:02:38]} Rxe3 {[%clk 00:23:26]} {[%emt 00:09:52]}
28. Kxe3 {[%clk 00:11:19]} {[%emt 00:00:01]} Na5 {[%clk 00:21:17]} {[%emt
00:02:39]} 29. Ne5+ {[%clk 00:09:56]} {[%emt 00:01:53]} Ke6 {[%clk 00:20:42]}
{[%emt 00:01:04]} 30. Nxg6 {[%clk 00:04:14]} {[%emt 00:06:11]} Nc4+ {[%clk
00:21:05]} {[%emt 00:00:08]} 31. Ke2 {[%clk 00:03:33]} {[%emt 00:01:10]} Kf7
{[%clk 00:17:17]} {[%emt 00:04:19]} 32. Nh8+ {[%clk 00:03:08]} {[%emt
00:00:55]} Kg8 {[%clk 00:17:01]} {[%emt 00:00:45]} 33. Ng6 {[%clk 00:03:32]}
{[%emt 00:00:06]} Kf7 {[%clk 00:17:24]} {[%emt 00:00:08]} 34. Nh8+ {[%clk
00:03:26]} {[%emt 00:00:37]} Kg8 {[%clk 00:17:05]} {[%emt 00:00:48]} 1/2-1/2